| 000 | 00536 a2200193 4500 | ||
|---|---|---|---|
| 001 | 141177 | ||
| 040 | _cLeonardo Da Vinci | ||
| 041 | _aPortuguês | ||
| 082 |
_aI S155u _bS155u |
||
| 100 | _aSALES, Flavia | ||
| 245 | _aUm presente diferente | ||
| 260 |
_bEditora Liberato de Publicações _c1986 _aRio de Janeiro |
||
| 300 | _a14 | ||
| 362 | _a19860000 | ||
| 490 | _aE o vento contou | ||
| 500 | _aSérgio S. Castro (Ilustração) | ||
| 697 |
_aLiteratura infantil _aFábula _aSalamandras _aSilfos _aOndinas _aGnomos |
||
| 942 | _cBK | ||
| 999 |
_c141177 _d141177 |
||